000 00298nam a22001337a 4500
008 181019b xxu||||| |||| 00| 0 eng d
020 _a9780198524083
041 _aeng
080 _a616.8
100 _a7
101 _aTRU
245 _aThe Visual Brain in Action
_cMilner,A.D
942 _2udc
_cBK
999 _c50200
_d50200